000 00674nam a2200301Ia 4500
008 210210b1845 xxu||||| |||| 00| 0 eng d
041 _aeng
082 _a920/169
100 _aWHITE (C)
245 _aThree years in constantinople or domestic manners of the Turks 1844 Vol III
260 _aLondon
_bHenry Colburn Publisher
_c1845
440 _a3
650 _ayears
650 _aVol
650 _aTurks
650 _aThree
650 _athe
650 _aor
650 _aof
650 _amanners
650 _ain
650 _aIII
650 _adomestic
650 _aconstantinople
650 _a1844
690 _aHistory
906 _a024911
999 _c150542
_d150542